000 00766nam a2200217Ia 4500
005 20250604152846.0
008 008 250516s9999 xx 000 0 hin d
020 _a9788131613597
040 _beng
_cSDCL
041 _ahin
_2hin
084 _aY5927 R4
245 0 _aKamjor varg ka samajshastra :
_bDalit janjati samaj evam mahilaye
246 _aकमज़ोर वर्ग का समाजशास्त्र :
_bदलित, जनजाति समाज एवं महिलाएं
260 _aNew Delhi :
_bRawat,
_c2024.
300 _a198p.
490 _aभारतीय समाजशास्त्र अध्ययन
650 _aSociology
650 _acaste system
700 _aVivek Kumar
942 _cTEXL
_2CC
999 _c1430339
_d1430339